MARC details
| 000 -CABECERA |
| campo de control de longitud fija |
01758nam a2200277 a 4500 |
| 001 - NÚMERO DE CONTROL |
| campo de control |
000006264 |
| 005 - FECHA Y HORA DE LA ÚLTIMA TRANSACCIÓN |
| campo de control |
20200929153916.0 |
| 008 - DATOS DE LONGITUD FIJA--INFORMACIÓN GENERAL |
| campo de control de longitud fija |
090827s2006 dr a 001 0 spa d |
| 020 ## - NÚMERO INTERNACIONAL ESTÁNDAR DEL LIBRO |
| Número Internacional Estándar del Libro |
9945160427 |
| 040 ## - FUENTE DE LA CATALOGACIÓN |
| Centro catalogador/agencia de origen |
DO-SdBNP |
| Lengua de catalogación |
spa |
| Centro/agencia transcriptor |
BNPHU |
| 082 ## - NÚMERO DE LA CLASIFICACIÓN DECIMAL DEWEY |
| Número de clasificación |
370.7097293 |
| Número de documento/Ítem |
A973p |
| 049 ## - FONDOS LOCALES (OCLC) |
| Fondos de biblioteca |
BNPD |
| 100 1# - ENTRADA PRINCIPAL--NOMBRE DE PERSONA |
| Nombre de persona |
Ayala, José |
| 9 (RLIN) |
17497 |
| 245 10 - MENCIÓN DE TÍTULO |
| Título |
Percepciones, actitudes y prácticas relacionadas con la equidad de género en la escuela rural del suroeste de la República Dominicana. / |
| Mención de responsabilidad, etc. |
José Ayala, Lucero Quieroga, Berenice Pacheco S. ; presentación Luisa América Mateo Dicló. |
| 260 ## - PUBLICACIÓN, DISTRIBUCIÓN, ETC. |
| Lugar de publicación, distribución, etc. |
Santo Domingo : |
| Nombre del editor, distribuidor, etc. |
Plan Internacional República Dominicana: Universidad Instituto Tecnológico de Santo Domingo, |
| Fecha de publicación, distribución, etc. |
2006. |
| 490 1# - MENCIÓN DE SERIE |
| Mención de serie |
Serie de investigaciones educativas del contexto rural |
| 500 ## - NOTA GENERAL |
| Nota general |
Incluye notas al pie de las páginas |
| 504 ## - NOTA DE BIBLIOGRAFÍA, ETC. |
| Nota de bibliografía, etc. |
Incluye bibliografía (p.121-124) |
| 505 ## - NOTA DE CONTENIDO CON FORMATO |
| Nota de contenido con formato |
Resumen de la investigación -- Introducción -- Marco conceptual y metodológico -- Una mirada al problema -- Objetivos y fundamentación metodológica -- Contexto socio-educativo de la investigación -- Principales hallazgo -- Caracterización de las principales categorías de análisis -- Apego a los roles estereotipados de género en niños, niñas y adolescentes, y maestros, maestras y directoras entrevistadas -- A modo de conclusión -- Referencias bibliográficas. |
| 650 #4 - PUNTO DE ACCESO ADICIONAL DE MATERIA--TÉRMINO DE MATERIA |
| Término de materia o nombre geográfico como elemento de entrada |
Diferencia sexual |
| Subdivisión general |
Investigaciones |
| Subdivisión geográfica |
República Dominicana |
| 9 (RLIN) |
17498 |
| 650 #4 - PUNTO DE ACCESO ADICIONAL DE MATERIA--TÉRMINO DE MATERIA |
| Término de materia o nombre geográfico como elemento de entrada |
Educación rural |
| Subdivisión general |
Investigaciones |
| Subdivisión geográfica |
República Dominicana |
| 9 (RLIN) |
17499 |
| 650 #4 - PUNTO DE ACCESO ADICIONAL DE MATERIA--TÉRMINO DE MATERIA |
| Término de materia o nombre geográfico como elemento de entrada |
Igualdad |
| Subdivisión general |
Investigaciones |
| Subdivisión geográfica |
República Dominicana |
| 9 (RLIN) |
17500 |
| 700 1# - PUNTO DE ACCESO ADICIONAL--NOMBRE DE PERSONA |
| Nombre de persona |
Quiroga, Lucero |
| 9 (RLIN) |
2556 |
| 700 1# - PUNTO DE ACCESO ADICIONAL--NOMBRE DE PERSONA |
| Nombre de persona |
Pacheco S.,Berenice |
| 9 (RLIN) |
17501 |
| 830 #0 - PUNTO DE ACCESO ADICIONAL DE SERIE-TÍTULO UNIFORME |
| Título uniforme |
Serie de investigaciones educativas del contexto rural |
| 9 (RLIN) |
17502 |